| 000 | 00000nam##2200000za#4500 |
| 001 | 9.608194 |
| 003 | CaOODSP |
| 005 | 20210624213514 |
| 007 | cr ||||||||||| |
| 008 | 150406|2005||||xxc|||||o f|0| 0 fre|d |
| 040 | |aCaOODSP|bfre |
| 043 | |an-cn--- |
| 086 | 1 |aSC102-2/24-2005F-MP3 |
| 110 | 2 |aÉcole de la fonction publique du Canada. |
| 245 | 10|aSituer des événements par rapport à d'autres. Fichier audio |h[ressource électronique] |
| 246 | 1 |iTitre additionnel (dans la publication) : |aAuto-évaluation - Activités orales : Objectif de formation 24 |
| 260 | |aOttawa - Ontario : |bÉcole de la fonction publique du Canada |
| 300 | |aDurée : 00:54:18 |
| 490 | 1 |aProgramme de français langue seconde - Niveaux A et B. Fichier audio |vObjectif de formation 24, 2005 |
| 500 | |aTitre de l'édition imprimée et du catalogueur. Fichiers audio qui accompagnent la version imprimée (SC102-2/24-2005F) et électronique (SC102-2/24-2005F-PDF) de ce titre. Comprend des activités de mise en train et de performance d'auto-évaluation orale. |
| 590 | |a15-01-Supp|b2015-01-26 |
| 590 | |a14-52-Supp|b2014-08-22 |
| 830 | #0|aProgramme de français langue seconde - Niveaux A et B. Fichier audio ;|vObjectif de formation 24, 2005|w(CaOODSP)9.504304 |
| 856 | 40|ahttp://publications.gc.ca|qMP3|s2.26 Mo|uhttps://publications.gc.ca/collections/collection_2015/efpc-csps/SC102-2-24-2p-2005-fra.mp3 |
| 856 | 40|ahttp://publications.gc.ca|qMP3|s6.56 Mo|uhttps://publications.gc.ca/collections/collection_2015/efpc-csps/SC102-2-24-2m-2005-fra.mp3 |
| 856 | 40|ahttp://publications.gc.ca|qMP3|s2.95 Mo|uhttps://publications.gc.ca/collections/collection_2015/efpc-csps/SC102-2-24-3p-2005-fra.mp3 |
| 856 | 40|ahttp://publications.gc.ca|qMP3|s3.95 Mo|uhttps://publications.gc.ca/collections/collection_2015/efpc-csps/SC102-2-24-1p-2005-fra.mp3 |
| 856 | 40|ahttp://publications.gc.ca|qMP3|s7.87 Mo|uhttps://publications.gc.ca/collections/collection_2015/efpc-csps/SC102-2-24-3m-2005-fra.mp3 |
| 856 | 40|ahttp://publications.gc.ca|qMP3|s11.0 Mo|uhttps://publications.gc.ca/collections/collection_2015/efpc-csps/SC102-2-24-1m-2005-fra.mp3 |
| 856 | 40|ahttp://publications.gc.ca|qMP3|s2.29 Mo|uhttps://publications.gc.ca/collections/collection_2015/efpc-csps/SC102-2-24-39-2005-fra.mp3 |
| 856 | 40|ahttp://publications.gc.ca|qMP3|s3.57 Mo|uhttps://publications.gc.ca/collections/collection_2015/efpc-csps/SC102-2-24-1B-2005-fra.mp3 |
| 856 | 40|ahttp://publications.gc.ca|qMP3|s1.98 Mo|uhttps://publications.gc.ca/collections/collection_2015/efpc-csps/SC102-2-24-47-2005-fra.mp3 |
| 856 | 40|ahttp://publications.gc.ca|qMP3|s4.06 Mo|uhttps://publications.gc.ca/collections/collection_2015/efpc-csps/SC102-2-24-33-2005-fra.mp3 |
| 856 | 40|ahttp://publications.gc.ca|qMP3|s10.7 Mo|uhttps://publications.gc.ca/collections/collection_2015/efpc-csps/SC102-2-24-34-2005-fra.mp3 |
| 856 | 40|ahttp://publications.gc.ca|qMP3|s4.54 Mo|uhttps://publications.gc.ca/collections/collection_2015/efpc-csps/SC102-2-24-38-2005-fra.mp3 |
| 856 | 40|ahttp://publications.gc.ca|qMP3|s4.25 Mo|uhttps://publications.gc.ca/collections/collection_2015/efpc-csps/SC102-2-24-40-2005-fra.mp3 |
| 856 | 40|ahttp://publications.gc.ca|qMP3|s5.84 Mo|uhttps://publications.gc.ca/collections/collection_2015/efpc-csps/SC102-2-24-44-2005-fra.mp3 |
| 856 | 40|ahttp://publications.gc.ca|qMP3|s2.06 Mo|uhttps://publications.gc.ca/collections/collection_2015/efpc-csps/SC102-2-24-37-2005-fra.mp3 |
| 856 | 40|ahttp://publications.gc.ca|qMP3|s2.18 Mo|uhttps://publications.gc.ca/collections/collection_2015/efpc-csps/SC102-2-24-51-2005-fra.mp3 |
| 856 | 40|ahttp://publications.gc.ca|qMP3|s1.51 Mo|uhttps://publications.gc.ca/collections/collection_2015/efpc-csps/SC102-2-24-49-2005-fra.mp3 |
| 856 | 40|ahttp://publications.gc.ca|qMP3|s5.01 Mo|uhttps://publications.gc.ca/collections/collection_2015/efpc-csps/SC102-2-24-1A-2005-fra.mp3 |
| 856 | 40|ahttp://publications.gc.ca|qMP3|s1.76 Mo|uhttps://publications.gc.ca/collections/collection_2015/efpc-csps/SC102-2-24-46-2005-fra.mp3 |
| 856 | 40|ahttp://publications.gc.ca|qMP3|s2.78 Mo|uhttps://publications.gc.ca/collections/collection_2015/efpc-csps/SC102-2-24-48-2005-fra.mp3 |
| 856 | 40|ahttp://publications.gc.ca|qMP3|s9.43 Mo|uhttps://publications.gc.ca/collections/collection_2015/efpc-csps/SC102-2-24-35-2005-fra.mp3 |
| 856 | 40|ahttp://publications.gc.ca|qMP3|s1.56 Mo|uhttps://publications.gc.ca/collections/collection_2015/efpc-csps/SC102-2-24-36-2005-fra.mp3 |
| 856 | 40|ahttp://publications.gc.ca|qMP3|s1.37 Mo|uhttps://publications.gc.ca/collections/collection_2015/efpc-csps/SC102-2-24-50-2005-fra.mp3|yObjectif de formation 24, 2005 |